Largest Countries Ending in 'A' Quiz Stats

 Plays Quiz Updated Aug 21, 2016

Challenge
Share
Tweet
Embed
Score 0/20 Timer 04:00
10 Plays Today
km ² Country % Correct
17,098,242Russia
97.5%
9,596,960China
95.7%
9,984,670Canada
95.2%
7,741,220Australia
93.3%
2,780,400Argentina
90%
3,287,263India
89.6%
1,219,090South Africa
79.1%
2,381,741Algeria
72.9%
1,904,569Indonesia
72.8%
2,149,690Saudi Arabia
67.9%
km ² Country % Correct
1,564,116Mongolia
66.9%
1,759,540Libya
64.7%
923,768Nigeria
64.6%
1,138,910Colombia
63.5%
912,050Venezuela
57.7%
1,246,700Angola
55.1%
1,104,300Ethiopia
55%
1,098,581Bolivia
53%
947,300Tanzania
47.6%
1,030,700Mauritania
38.9%

You're not logged in!

Compare scores with friends on all Sporcle quizzes.
Join for Free
OR
Log In

You Might Also Like...

Show Comments

Extras

Top Quizzes Today


Score Distribution

Your Account Isn't Verified!

In order to create a playlist on Sporcle, you need to verify the email address you used during registration. Go to your Sporcle Settings to finish the process.

Report this User

Report this user for behavior that violates our Community Guidelines.

Details: